000 01522nam a2200301Ia 4500
003 OSt
005 20210917120419.0
008 210310s1983 sp ao gr 001 0 spa d
020 _a8432078557
040 _aCO-JMCR
_cCO-JMCR
041 1 _aspa
_hger
082 0 4 _a338.952 /
_bG269m
_223
100 1 _aGaul, Richard,
_917751
_eautor
245 1 3 _aEl milagro japonés :
_blos siete secretos de un éxito económico /
_cRichard Gaul, Nina Grunenberg, Michael Jungblut ; con la colaboración de Helmut Becker ; [traducción del alemán por Joaquín Adsuar Ortega].
250 _aPrimera edición
260 _aBarcelona :
_bPlaneta,
_c1983
300 _a[8] láminas sin numerar, 189 páginas :
_bilustraciones y fotografías a blanco y negro ;
_c21 cm.
490 0 _aLa sociedad económica
500 _aIncluye índice onomástico y de materias. Título original: Japan-Report
505 0 _aTres corazones y muchos rostros -- Un japonés de hoy, un japonés de mañana -- La industrial del automóvil. Como llegó a ser la mayor -- Cómo se gobierna Japón -- La clave del futuro: la electrónica y la construcción de maquinaria -- Japón ¿huérfano internacional? estadísticas comparativas
546 _aTraducido del alemán.
651 4 _aJapón
_xPolítica económica
_940602
700 1 _aGrunenberg, Nina,
_eautor
_940603
700 1 _aJungblut, Michael,
_eautor
_940604
700 1 _aBecker, Helmut,
_ecolaborador
_940605
700 1 _aOrtega, Joaquín Adsuar,
_etraductor
_940606
942 _2ddc
_cBK
999 _c8602
_d8602